00690nam a2200241 a 4500001001300000003000900013005001700022008004100039020001000080082001600090100002300106245001700129260005400146300000800200500003500208505001000243650002600253700002300279902000800302942000700310952011600317999001500433nice12345678IN_TiNIC20260116011740.0050524s1972 hyda grp 000 0 urd  ac10000a891.41bGAU aGauhar, Samsam Ali aAain-E-Villa aHyderabad bMarkazi Anjuman Taleemus Salat c1972 a78p aincludes index and biblioraphy2 aIndex aReligion-Poetry-islam1 aGauhar, Samsam Ali bSRS cBK 001040708StackRoom-aHMIbHMId2007-06-19g100.00l0o891.41 GAUp07207r2007-06-19v100.00w2005-05-24yBK c3684d3684